000 00835nam a22002897a 4500
003 IBSLLIB
005 20260513050407.0
008 260513b |||||||| |||| 00| 0 eng d
020 _a0750645490
040 _aIBSLLIB
_beng
041 _hEng
082 _a658.4
_bWIN
100 _aWinfield , Peter W.
245 _aCore Management For HR Students and Practitioners
260 _aDelhi :
_bButterworth Heine Mann ,
_c2000
300 _a534 p ;
_b25 cm
505 _aManaging people at work
505 _aManaging activities
505 _aManaging in a business context
650 _aManagement and auxiliary services
653 _aLeadership
653 _aEconomic and global context
653 _alegal context
700 _aBishop , Ray
_eCoo Author
700 _aPorter , Keith
_eCoo Author
942 _cLBK
999 _c22115
_d22115